Statistics for LIGUE 1 FOOTBALL TEAMS 2021-2022 - SOCCER

Click here to take the quiz!

General Stats

  • This quiz has been taken 383 times
  • The average score is 15 of 20

Answer Stats

TEAM% Correct
PSG
97%
MARSEILLE
95%
LYON
90%
LILLE
87%
MONACO
85%
RENNES
84%
BORDEAUX
81%
NICE
80%
NANTES
79%
ST ETIENNE
78%
LENS
77%
STRASBOURG
74%
MONTPELLIER
72%
BREST
69%
REIMS
69%
ANGERS
67%
LORIENT
67%
METZ
62%
TROYES
59%
CLEMONT FOOT
1%

Score Distribution

Percentile by Number Answered

Percent of People with Each Score

Your Score History

You have not taken this quiz